| 000 | 01133nam a2200253 i 4500 | ||
|---|---|---|---|
| 001 | 117408 | ||
| 003 | ES-MaACL | ||
| 005 | 20250812225415.0 | ||
| 008 | 070302s1977 sp b |||| | spa d | ||
| 100 | 1 |
_aPaniagua Andrés, María del Carmen. _988783 |
|
| 245 | 1 | 0 |
_aAspectos epizootiológicos del aborto ovino en la provincia de León, con especial atención al aborto por toxoplasma gondil / _ctesis que presenta para optar al título de doctor la licenciada en veterinaria María del Carmen Paniagua Andrés ; director de la tesis, Santos Ovejero del Agua. |
| 260 |
_aLeón : _bLaboratorios Ovejero, _c1977. |
||
| 300 |
_a84 p. ; _c22 cm + _e2 map. |
||
| 490 | 1 | _aPublicaciones científicas Ovejero | |
| 502 | _aTesis-Univ. Oviedo. | ||
| 504 | _aBibliografía: p. 61-70. | ||
| 650 | 7 |
_aAborto en animales _2embne _9170855 |
|
| 650 | 0 | 4 |
_aGanado ovino- _xEnfermedades. _913027 |
| 700 | 1 |
_aOvejero del Agua, Santos. _987999 |
|
| 710 | 2 |
_aUniversidad de Oviedo. _bFacultad de Veterinaria de León. _97268 |
|
| 830 | 0 |
_aPublicaciones científicas Ovejero _9186833 |
|
| 852 |
_aES-MaACL _jA-6884 |
||
| 999 |
_c117408 _d117408 |
||